LEADER 01073nam a2200277 u 4500 001 000000016298 003 CaOOAMICUS 005 20070226105958.0 008 941010s1972 it u000 u ita u 035 $a10382253 040 $aPUL$bita 100 1 $aGalbraith, John Kenneth,$d1908-$0(OLS)http://pul/name/14837 245 13$aLa società opulenta /$cJohn Kenneth Galbraith. 260 $a[Torino] :$bBoringhieri,$c1972. 300 $a365 p. ;$c19 cm 490 1 $aUniversale scientifica ;$v81-82 500 $aInclude indici. 650 4$aSocietà.$0(OLS)http://pul/subject/7210 650 4$aEconomia.$0(OLS)http://pul/subject/1893 830 0$aUniversale scientifica ;$v81-82.$0(OLS)http://pul/title/545 850 $aPUL 852 $aPUL$W1$xDP1 Cons. Gen., Altre Classi 1$y22$m46 E 32$j22967$nBK-PRI$b $qStampati$B22967$CPULBib$Z2$F22967 $H $81 941 1 $a8 961 $aINV: 40266 996 $6245$aLa società opulenta$9(OLS)http://pul/title/23266 996 $6260$a[Torino] :$bBoringhieri$9(OLS)http://pul/publisher/55009 LEADER 01424nam a2200313 a 4500 001 000000106046 003 CaOOAMICUS 005 20070705101316.0 008 070705s2006 it a z000 ubita d 040 $aPUL$bita$dLDB 245 00$aHeidegger /$c[a cura di Armando Massarenti]. 246 33$aHeidegger : vita, pensiero, opere scelte 260 $aMilano :$bIl Sole 24 ore,$c2006. 300 $a873 p. :$bill. ;$c22 cm 490 1 $aI grandi filosofi ;$v30 500 $aComprende testi di: Paola Pettinotti, Gianni Vattimo. 504 $aInclude riferimenti bibliografici. 600 14$aHeidegger, Martin,$d1889-1976.$0(OLS)http://pul/subject/4860 700 1 $aMassarenti, Armando,$eed.$0(OLS)http://pul/name/64044 700 1 $aVattimo, Gianni,$d1936-$0(OLS)http://pul/name/9011 700 1 $aPettinotti, Paola.$0(OLS)http://pul/name/64297 700 1 $aHeidegger, Martin,$d1889-1976$tEssere e tempo.$0(OLS)http://pul/name/65132 830 2$aI grandi filosofi (Il Sole 24 ore) ;$v30.$0(OLS)http://pul/title/131213 850 $aPUL 852 $aPUL$W1$xSL Filosofia 3$y81$m103 COLL 1.30$j119070$qDDC 21$B118954$CPULBib$Z2$F118954 $H104670 $82 941 1 $a9 996 $6246$aHeidegger : vita, pensiero, opere scelte$9(OLS)http://pul/title/133559 996 $6245$aHeidegger$9(OLS)http://pul/title/133558 996 $6260$aMilano :$bIl Sole 24 ore$9(OLS)http://pul/publisher/69212